[Event "DEM U18w 2008"]
[Site "Willingen GER"]
[Date "2008.05.15"]
[Round "7"]
[White "Stein, Simone"]
[Black "Nekrassova, Ekatherina"]
[Result "0-1"]
[Termination "normal"]
[Board "13"]
[WhiteElo "1416"]
[BlackElo "1784"]
[PlyCount "36"]
[WhiteFideId "24692875"]
[BlackFideId "24636266"]
[EventCountry "GER"]
[EventRounds "9"]
[EventType "swiss"]
[EventDate "2008.05.10"]

1. e4 c6 2. Nf3 d5 3. exd5 cxd5 4. Ne5 Nf6 5. d4 g6 6. Be3 Bg7 7. Nc3 O-O 8.
Be2 Nc6 9. f4 Bf5 10. a3 Ne4 11. g4 Nxc3 12. bxc3 Be4 13. O-O Rc8 14. c4 dxc4
15. Bxc4 Nxe5 16. Bb3 Nc4 17. Bf2 Qd5 18. Re1 e6 0-1

[Event "DEM U18w 2008"]
[Site "Willingen GER"]
[Date "2008.05.15"]
[Round "7"]
[White "Pahlau, Janine"]
[Black "Voss, Janine"]
[Result "0-1"]
[Termination "normal"]
[Board "14"]
[WhiteElo "1187"]
[BlackElo "1869"]
[PlyCount "80"]
[BlackFideId "24677329"]
[EventCountry "GER"]
[EventRounds "9"]
[EventType "swiss"]
[EventDate "2008.05.10"]

1. e4 c5 2. Nf3 g6 3. d4 cxd4 4. Nxd4 Nf6 5. Nc3 d6 6. Bc4 Bg7 7. O-O O-O 8.
Bg5 Nc6 9. Nxc6 bxc6 10. Qd2 Rb8 11. Bb3 Qc7 12. Bxf6 Bxf6 13. Rfe1 Ba6 14.
Rad1 Rbd8 15. g3 Bc8 16. Ba4 Bg4 17. Rb1 Be5 18. Qg5 Bc8 19. Ne2 Bf6 20. Qf4
Bb7 21. c3 Qa5 22. Bb3 Bg5 23. Qf3 Bf6 24. Qd3 d5 25. Nd4 c5 26. Qb5 Qc7 27.
Ne2 dxe4 28. Rbd1 a6 29. Qc4 e6 30. Rxd8 Rxd8 31. Rd1 Rxd1+ 32. Bxd1 Qc6 33.
Kf1 e3 34. fxe3 Qh1+ 35. Kf2 Qxd1 36. Qxc5 Qd5 37. Qc7 Qf3+ 38. Ke1 Be4 39.
Qb8+ Kg7 40. Qa7 Bd3 0-1

[Event "DEM U18w 2008"]
[Site "Willingen GER"]
[Date "2008.05.16"]
[Round "8"]
[White "Remy, Janina"]
[Black "Ohme, Melanie"]
[Result "1/2-1/2"]
[Termination "normal"]
[Board "1"]
[BlackTitle "FM"]
[WhiteElo "1963"]
[BlackElo "2248"]
[PlyCount "97"]
[WhiteFideId "24627348"]
[BlackFideId "4690745"]
[EventCountry "GER"]
[EventRounds "9"]
[EventType "swiss"]
[EventDate "2008.05.10"]

1. e4 c5 2. Nc3 a6 3. g3 b5 4. Bg2 Bb7 5. f4 e6 6. d3 d5 7. exd5 Nf6 8. Nf3
exd5 9. O-O Be7 10. Ne5 O-O 11. d4 Qc7 12. Be3 c4 13. g4 b4 14. Ne2 Ne4 15. Ng3
Nxg3 16. hxg3 Nd7 17. g5 Nxe5 18. dxe5 Rfd8 19. Bd4 a5 20. c3 Bc8 21. Qh5 Qc6
22. Rae1 Bf5 23. g4 Bd3 24. Rf2 Qg6 25. Qh3 Ra6 26. Bf1 Bxf1 27. Rexf1 h6 28.
gxh6 Qxh6 29. Qf3 Qh7 30. Rh2 Rh6 31. Rxh6 gxh6 32. f5 Bg5 33. Re1 Bh4 34. Re2
Qg7 35. e6 Bf6 36. Bxf6 Qxf6 37. e7 Re8 38. Qxd5 bxc3 39. bxc3 Qxc3 40. Qd7
Qg3+ 41. Kf1 Qf3+ 42. Ke1 Qg3+ 43. Kd2 Qb8 44. f6 c3+ 45. Kc1 c2 46. Rxc2 Qf4+
47. Kd1 Qf1+ 48. Kd2 Qf2+ 49. Kd1 1/2-1/2

[Event "DEM U18w 2008"]
[Site "Willingen GER"]
[Date "2008.05.16"]
[Round "8"]
[White "Hannes, Diana"]
[Black "Mader, Manuela"]
[Result "1/2-1/2"]
[Termination "normal"]
[Board "2"]
[BlackTitle "FM"]
[WhiteElo "1976"]
[BlackElo "2161"]
[PlyCount "44"]
[WhiteFideId "24611344"]
[BlackFideId "24612928"]
[EventCountry "GER"]
[EventRounds "9"]
[EventType "swiss"]
[EventDate "2008.05.10"]

1. e4 c5 2. Nc3 Nc6 3. Bc4 g6 4. f4 Bg7 5. Nf3 d6 6. O-O e6 7. d3 Nge7 8. a3
O-O 9. Qe1 a6 10. Qh4 b5 11. Ba2 Nd4 12. Nxd4 Bxd4+ 13. Kh1 Bg7 14. f5 gxf5 15.
Bg5 f6 16. Bh6 Ng6 17. Qh3 Bxh6 18. exf5 Ne5 19. Qxh6 d5 20. fxe6 Bxe6 21. Ne4
Ng4 22. Qf4 c4 1/2-1/2

[Event "DEM U18w 2008"]
[Site "Willingen GER"]
[Date "2008.05.16"]
[Round "8"]
[White "Jussupow, Ekaterina"]
[Black "Hingst, Silke"]
[Result "1/2-1/2"]
[Termination "normal"]
[Board "3"]
[WhiteElo "2046"]
[BlackElo "1752"]
[PlyCount "78"]
[WhiteFideId "24625400"]
[BlackFideId "4624564"]
[EventCountry "GER"]
[EventRounds "9"]
[EventType "swiss"]
[EventDate "2008.05.10"]

1. e4 c5 2. Nf3 d6 3. d3 g6 4. g3 Bg7 5. Bg2 Nc6 6. O-O Nf6 7. Re1 O-O 8. c3
Qc7 9. Nbd2 b5 10. d4 Bg4 11. h3 Bd7 12. e5 Ne8 13. Qe2 Rb8 14. dxc5 dxc5 15.
Nb3 Nd8 16. Be3 Ne6 17. Rad1 Bc6 18. c4 a6 19. cxb5 axb5 20. Qc2 c4 21. Nbd4
Nxd4 22. Bxd4 Qb7 23. Nh4 Nc7 24. b3 Bxg2 25. Nxg2 cxb3 26. axb3 Ne6 27. Ba1
Ng5 28. Kh1 Rfc8 29. Qd3 Rc7 30. h4 Ne6 31. Qd5 Qb6 32. Ne3 Rbc8 33. Bb2 Nc5
34. Bd4 Qc6 35. Rc1 e6 36. Qxc6 Rxc6 37. Rc3 Ne4 38. Rxc6 Rxc6 39. Kg2 Nd2
1/2-1/2

[Event "DEM U18w 2008"]
[Site "Willingen GER"]
[Date "2008.05.16"]
[Round "8"]
[White "van Orsouw, Svenja"]
[Black "Zikeli, Saskia"]
[Result "0-1"]
[Termination "normal"]
[Board "4"]
[WhiteElo "1645"]
[BlackElo "2053"]
[PlyCount "74"]
[WhiteFideId "24677124"]
[BlackFideId "24601543"]
[EventCountry "GER"]
[EventRounds "9"]
[EventType "swiss"]
[EventDate "2008.05.10"]

1. e4 c5 2. c4 Nc6 3. Ne2 g6 4. d4 cxd4 5. Nxd4 Bg7 6. Be3 d6 7. Nc3 Nf6 8. Be2
O-O 9. f3 Bd7 10. Nc2 Rc8 11. Qd2 Ne5 12. b3 Qc7 13. O-O b5 14. Nb4 bxc4 15.
Nbd5 Nxd5 16. Nxd5 Qd8 17. Rac1 e6 18. Nf4 Bb5 19. Qb4 Rb8 20. Rfd1 a5 21. Qa3
cxb3 22. axb3 g5 23. Rxd6 Qe7 24. Bc5 gxf4 25. Rb6 Qg5 26. Rxb5 Rxb5 27. Bxb5
Nxf3+ 28. Kh1 Nh4 29. Bf1 Rc8 30. Bf2 Rxc1 31. Qxc1 Bf6 32. Qc5 Qxc5 33. Bxc5
Bc3 34. g3 fxg3 35. hxg3 Nf3 36. Be2 Nd2 37. Bd1 Nxe4 0-1

[Event "DEM U18w 2008"]
[Site "Willingen GER"]
[Date "2008.05.16"]
[Round "8"]
[White "Billing, Tanja"]
[Black "Mucha, Annegret"]
[Result "1/2-1/2"]
[Termination "normal"]
[Board "5"]
[BlackTitle "CM"]
[WhiteElo "1816"]
[BlackElo "1945"]
[PlyCount "108"]
[WhiteFideId "24647993"]
[BlackFideId "24622788"]
[EventCountry "GER"]
[EventRounds "9"]
[EventType "swiss"]
[EventDate "2008.05.10"]

1. d4 f5 2. c4 Nf6 3. Nc3 g6 4. e3 Bg7 5. Bd3 d6 6. Qc2 c6 7. Nf3 O-O 8. O-O
Qe8 9. e4 fxe4 10. Nxe4 Nxe4 11. Bxe4 Bg4 12. d5 Na6 13. h3 Bd7 14. Be3 e5 15.
Rad1 c5 16. Qd2 Rb8 17. b3 b5 18. Rb1 Nc7 19. Rfe1 Qc8 20. Bh6 Ne8 21. Qg5 Qd8
22. Qxd8 Rxd8 23. Bxg7 Nxg7 24. Nd2 b4 25. f3 Nh5 26. Kf2 Nf4 27. Bc2 Bf5 28.
Ne4 Bxe4 29. Bxe4 Kg7 30. Rh1 a5 31. Bc2 Rf7 32. Ra1 Ra7 33. a4 Rf7 34. Be4
Rdf8 35. Rae1 Nh5 36. Rhf1 Nf6 37. Bd3 h5 38. Kg3 Ng8 39. Be4 Rf4 40. Kf2 h4
41. Kg1 Nf6 42. Rf2 Kh6 43. Rfe2 Nxe4 44. Rxe4 Rxe4 45. Rxe4 Rf4 46. Kf2 Kg5
47. Ke3 Kf5 48. Rxf4+ exf4+ 49. Ke2 Kf6 50. Kd2 Kf5 51. Ke2 Ke5 52. Kd3 g5 53.
Ke2 Kd4 54. Kd2 Ke5 1/2-1/2

[Event "DEM U18w 2008"]
[Site "Willingen GER"]
[Date "2008.05.16"]
[Round "8"]
[White "Jehle, Anja"]
[Black "Erben, Larissa"]
[Result "1/2-1/2"]
[Termination "normal"]
[Board "6"]
[WhiteElo "1968"]
[BlackElo "1942"]
[PlyCount "82"]
[WhiteFideId "24631434"]
[BlackFideId "24634590"]
[EventCountry "GER"]
[EventRounds "9"]
[EventType "swiss"]
[EventDate "2008.05.10"]

1. d4 d5 2. c4 e6 3. Nc3 c6 4. e4 dxe4 5. Nxe4 Bb4+ 6. Bd2 Qxd4 7. Bxb4 Qxe4+
8. Qe2 Nf6 9. Qxe4 Nxe4 10. Bd3 Na6 11. Ba3 Nf6 12. Ne2 c5 13. Rd1 Bd7 14. O-O
O-O 15. b3 Bc6 16. Bb2 Rfd8 17. f3 Rd7 18. Bc2 Rad8 19. Rxd7 Rxd7 20. Rd1 Nb4
21. Rxd7 Bxd7 22. Bb1 Kf8 23. Kf2 Ke7 24. g4 g6 25. h4 h5 26. Bxf6+ Kxf6 27.
gxh5 gxh5 28. Nf4 Kg7 29. Nxh5+ Kh6 30. Nf6 Bc6 31. a3 Na6 32. Kg3 Nc7 33. Ng4+
Kh5 34. Ne5 Be8 35. Be4 b6 36. Bc6 Bxc6 37. Nxc6 a6 38. Ne5 f5 39. Nd7 Na8 40.
f4 Kg6 41. Kh3 Kh5 1/2-1/2

[Event "DEM U18w 2008"]
[Site "Willingen GER"]
[Date "2008.05.16"]
[Round "8"]
[White "Vollak, Marleen"]
[Black "Günnigmann, Laura"]
[Result "1/2-1/2"]
[Termination "normal"]
[Board "7"]
[WhiteElo "1858"]
[BlackElo "1833"]
[PlyCount "41"]
[WhiteFideId "24624233"]
[EventCountry "GER"]
[EventRounds "9"]
[EventType "swiss"]
[EventDate "2008.05.10"]

1. d4 d5 2. c4 e6 3. Nc3 f5 4. Bf4 c6 5. c5 Nf6 6. Nf3 Be7 7. h3 b6 8. b4 Ba6
9. Ne5 Ne4 10. Nxe4 fxe4 11. g3 O-O 12. Bg2 Bg5 13. Bxg5 Qxg5 14. O-O e3 15.
Bf3 exf2+ 16. Kxf2 Qe7 17. Qc2 Bb7 18. a4 Nd7 19. Nxd7 Qxd7 20. a5 bxc5 21.
bxc5 1/2-1/2

[Event "DEM U18w 2008"]
[Site "Willingen GER"]
[Date "2008.05.16"]
[Round "8"]
[White "Karmann, Anna"]
[Black "Benzen, Marthe"]
[Result "0-1"]
[Termination "normal"]
[Board "8"]
[WhiteElo "1891"]
[BlackElo "1829"]
[PlyCount "76"]
[WhiteFideId "24648000"]
[BlackFideId "24647764"]
[EventCountry "GER"]
[EventRounds "9"]
[EventType "swiss"]
[EventDate "2008.05.10"]

1. c4 Nf6 2. g3 g6 3. Bg2 Bg7 4. Nc3 O-O 5. e3 d6 6. Nge2 e5 7. O-O Nc6 8. d3
Be6 9. Nd5 Rb8 10. h3 Ne7 11. Nxe7+ Qxe7 12. Nc3 c6 13. Bd2 d5 14. cxd5 Nxd5
15. Nxd5 cxd5 16. Rc1 Qd7 17. Kh2 Qb5 18. Qc2 d4 19. exd4 Bxa2 20. dxe5 Bxe5
21. Bc3 Bb3 22. Qd2 Rfd8 23. Qe3 Bxc3 24. bxc3 a5 25. c4 Qd7 26. Bd5 b5 27.
Rfe1 a4 28. Qg5 Re8 29. Qf6 bxc4 30. dxc4 Rbc8 31. Qf3 Rxe1 32. Rxe1 Bxc4 33.
Bxc4 Rxc4 34. Qf6 Rc6 35. Qe5 Qe6 36. Qa1 Qf6 37. Qa2 Rb6 38. Kg1 Rb2 0-1

[Event "DEM U18w 2008"]
[Site "Willingen GER"]
[Date "2008.05.16"]
[Round "8"]
[White "Nekrassova, Ekatherina"]
[Black "Strößner, Lena"]
[Result "0-1"]
[Termination "normal"]
[Board "9"]
[WhiteElo "1784"]
[BlackElo "1895"]
[PlyCount "86"]
[WhiteFideId "24636266"]
[BlackFideId "4623525"]
[EventCountry "GER"]
[EventRounds "9"]
[EventType "swiss"]
[EventDate "2008.05.10"]

1. e4 e6 2. d4 d5 3. exd5 exd5 4. Bd3 Nc6 5. c3 Bd6 6. Nf3 Bg4 7. O-O Nge7 8.
Re1 Qd7 9. Nbd2 O-O-O 10. Qc2 f6 11. b4 Rde8 12. a4 Bf5 13. Ba3 Bxd3 14. Qxd3
Ng6 15. Qc2 Nf4 16. Nf1 Nd8 17. Ng3 g6 18. Rxe8 Rxe8 19. Bc1 Qg4 20. Be3 Nde6
21. Re1 Kd7 22. Kf1 Nh5 23. Qe2 c6 24. b5 Nxg3+ 25. fxg3 Qf5 26. Kg1 Nc7 27.
bxc6+ bxc6 28. Qd2 g5 29. Rf1 Qe4 30. Bf2 Qe2 31. Re1 Qc4 32. Rxe8 Nxe8 33. Qc2
Be7 34. Be3 Nd6 35. Qxh7 g4 36. Nh4 Qe2 37. h3 Qxe3+ 38. Kh2 Qe4 39. Qg8 gxh3
40. gxh3 Qe2+ 41. Ng2 Ne4 42. Qb8 Bd6 43. Qb7+ Bc7 0-1

[Event "DEM U18w 2008"]
[Site "Willingen GER"]
[Date "2008.05.16"]
[Round "8"]
[White "Voss, Janine"]
[Black "Franzenburg, Maria"]
[Result "1-0"]
[Termination "normal"]
[Board "10"]
[WhiteElo "1869"]
[BlackElo "1826"]
[PlyCount "55"]
[WhiteFideId "24677329"]
[BlackFideId "24667102"]
[EventCountry "GER"]
[EventRounds "9"]
[EventType "swiss"]
[EventDate "2008.05.10"]

1. e4 e6 2. d4 d5 3. Nc3 a6 4. a3 b5 5. e5 c5 6. Nce2 Nc6 7. c3 Qb6 8. f4 Be7
9. Nf3 c4 10. Ng3 Na5 11. Be3 Nh6 12. Be2 O-O 13. O-O Ng4 14. Bd2 Nb3 15. Rb1
Bd7 16. Bc1 a5 17. Qc2 b4 18. Ng5 Bxg5 19. Bxg4 Be7 20. f5 Rab8 21. f6 Bd8 22.
Qf2 Nxc1 23. Qf4 Kh8 24. fxg7+ Kxg7 25. Nh5+ Kh8 26. Qh6 Rg8 27. Rxf7 Rxg4 28.
Qxh7# 1-0

[Event "DEM U18w 2008"]
[Site "Willingen GER"]
[Date "2008.05.16"]
[Round "8"]
[White "Weiß, Katharina"]
[Black "Herbold, Nora Marina"]
[Result "1-0"]
[Termination "normal"]
[Board "12"]
[WhiteElo "1653"]
[BlackElo "1674"]
[PlyCount "157"]
[WhiteFideId "24692859"]
[BlackFideId "4624548"]
[EventCountry "GER"]
[EventRounds "9"]
[EventType "swiss"]
[EventDate "2008.05.10"]

1. e4 c5 2. Nf3 Nc6 3. d4 cxd4 4. Nxd4 Nf6 5. Nc3 e5 6. Ndb5 d6 7. Bg5 a6 8.
Na3 b5 9. Nd5 Be7 10. Bxf6 Bxf6 11. c3 O-O 12. Nc2 Bg5 13. a4 bxa4 14. Rxa4 a5
15. Bc4 Rb8 16. b3 Ne7 17. Nce3 Nxd5 18. Nxd5 Kh8 19. O-O f5 20. exf5 Bxf5 21.
Ne3 Bd7 22. Ra2 Bb5 23. Bxb5 Rxb5 24. c4 Rb7 25. Nd5 Qb8 26. Ra3 Ra7 27. Qd3
Bd8 28. Qe3 Rb7 29. Rb1 Qa7 30. Qxa7 Rxa7 31. g3 Rb7 32. Kg2 g6 33. Ra2 Rff7
34. b4 axb4 35. Ra8 Rf8 36. Rxb4 Rxb4 37. Nxb4 Be7 38. Ra7 Bg5 39. Rd7 Rd8 40.
Rc7 Bc1 41. c5 d5 42. c6 Ba3 43. Rd7 Rc8 44. c7 Rxc7 45. Rxc7 Bxb4 46. Rd7 d4
47. Rd5 Bc3 48. Rxe5 d3 49. Rd5 d2 50. Kf3 Kg7 51. Ke2 Kf6 52. h3 Bb4 53. Rxd2
Bxd2 54. Kxd2 h5 55. Kd3 Ke5 56. Ke3 Kf5 57. Kd4 g5 58. f3 h4 59. gxh4 gxh4 60.
Ke3 Ke5 61. f4+ Kf6 62. Ke4 Ke6 63. f5+ Kf7 64. Kf4 Kf6 65. Kg4 Kf7 66. Kxh4
Kf6 67. Kg4 Kf7 68. Kg5 Kg7 69. f6+ Kh7 70. h4 Kg8 71. Kg6 Kh8 72. Kf7 Kh7 73.
Ke7 Kh8 74. f7 Kh7 75. f8=Q Kg6 76. Qf6+ Kh7 77. Qg5 Kh8 78. Kf7 Kh7 79. Qg7#
1-0

[Event "DEM U18w 2008"]
[Site "Willingen GER"]
[Date "2008.05.16"]
[Round "8"]
[White "Zemella, Jennifer"]
[Black "Pahlau, Janine"]
[Result "1-0"]
[Termination "normal"]
[Board "14"]
[WhiteElo "2000"]
[BlackElo "1187"]
[PlyCount "31"]
[WhiteFideId "24636096"]
[EventCountry "GER"]
[EventRounds "9"]
[EventType "swiss"]
[EventDate "2008.05.10"]

1. e4 e5 2. Nf3 Nc6 3. Bc4 Nf6 4. d4 exd4 5. e5 Ng8 6. O-O h6 7. Nxd4 Nxe5 8.
Re1 d6 9. f4 Qh4 10. fxe5 dxe5 11. Rxe5+ Be7 12. Bb5+ Bd7 13. Bxd7+ Kxd7 14.
Nf5+ Kc8 15. Nxh4 Bxh4 16. Re8+ 1-0

[Event "DEM U18w 2008"]
[Site "Willingen GER"]
[Date "2008.05.17"]
[Round "9"]
[White "Ohme, Melanie"]
[Black "Hingst, Silke"]
[Result "1-0"]
[Termination "normal"]
[Board "1"]
[WhiteTitle "FM"]
[WhiteElo "2248"]
[BlackElo "1752"]
[PlyCount "39"]
[WhiteFideId "4690745"]
[BlackFideId "4624564"]
[EventCountry "GER"]
[EventRounds "9"]
[EventType "swiss"]
[EventDate "2008.05.10"]

1. e4 c5 2. Nc3 Nc6 3. Nf3 d6 4. g3 g6 5. Bg2 Bg7 6. d3 Nf6 7. O-O O-O 8. Nh4
a6 9. h3 b5 10. e5 dxe5 11. Bxc6 Bxh3 12. Bg2 Bxg2 13. Kxg2 Nh5 14. Nf5 Qd7 15.
Nxg7 Kxg7 16. Qe2 f6 17. Qe4 Rad8 18. g4 Nf4+ 19. Bxf4 exf4 20. Qxf4 1-0

[Event "DEM U18w 2008"]
[Site "Willingen GER"]
[Date "2008.05.17"]
[Round "9"]
[White "Zikeli, Saskia"]
[Black "Hannes, Diana"]
[Result "1/2-1/2"]
[Termination "normal"]
[Board "2"]
[WhiteElo "2053"]
[BlackElo "1976"]
[PlyCount "59"]
[WhiteFideId "24601543"]
[BlackFideId "24611344"]
[EventCountry "GER"]
[EventRounds "9"]
[EventType "swiss"]
[EventDate "2008.05.10"]

1. c4 c5 2. g3 Nc6 3. Bg2 g6 4. Nc3 Bg7 5. Nf3 d6 6. O-O e5 7. Ne1 Nge7 8. Nc2
O-O 9. d3 Be6 10. Ne3 Qd7 11. Ned5 Bh3 12. Rb1 Bxg2 13. Kxg2 Rab8 14. a3 Nxd5
15. cxd5 Nd4 16. e3 Nf5 17. b4 b6 18. Bd2 Rfc8 19. Qe2 b5 20. Rfc1 Ne7 21. e4
a6 22. Na2 Rc7 23. Rc2 Rbc8 24. Rbc1 f5 25. bxc5 Rxc5 26. Bb4 Bh6 27. Rxc5 dxc5
28. Rxc5 Rxc5 29. Bxc5 Nxd5 30. Nb4 1/2-1/2

[Event "DEM U18w 2008"]
[Site "Willingen GER"]
[Date "2008.05.17"]
[Round "9"]
[White "Benzen, Marthe"]
[Black "Remy, Janina"]
[Result "0-1"]
[Termination "normal"]
[Board "4"]
[WhiteElo "1829"]
[BlackElo "1963"]
[PlyCount "76"]
[WhiteFideId "24647764"]
[BlackFideId "24627348"]
[EventCountry "GER"]
[EventRounds "9"]
[EventType "swiss"]
[EventDate "2008.05.10"]

1. e4 c6 2. d4 d5 3. e5 c5 4. dxc5 e6 5. Be3 Nc6 6. Bb5 Nh6 7. c3 Nf5 8. Bd4
Bd7 9. Bxc6 Bxc6 10. Nf3 Qc7 11. b4 a5 12. O-O Be7 13. Re1 O-O 14. Nbd2 axb4
15. cxb4 Nxd4 16. Nxd4 Ra4 17. Nxc6 Qxc6 18. a3 Rfa8 19. Qc1 Bg5 20. g3 Bxd2
21. Qxd2 Rxa3 22. Qb2 Qa4 23. Rxa3 Qxa3 24. Qxa3 Rxa3 25. Rb1 Kf8 26. Rb2 Ke7
27. Kf1 Kd7 28. Ke2 Rc3 29. f3 Rc4 30. Kd3 Kc6 31. g4 Kb5 32. h4 Rxb4 33. Rxb4+
Kxb4 34. Kd4 Kb5 35. f4 g6 36. f5 gxf5 37. gxf5 h6 38. f6 Kc6 0-1

[Event "DEM U18w 2008"]
[Site "Willingen GER"]
[Date "2008.05.17"]
[Round "9"]
[White "Strößner, Lena"]
[Black "Jussupow, Ekaterina"]
[Result "0-1"]
[Termination "normal"]
[Board "5"]
[WhiteElo "1895"]
[BlackElo "2046"]
[PlyCount "84"]
[WhiteFideId "4623525"]
[BlackFideId "24625400"]
[EventCountry "GER"]
[EventRounds "9"]
[EventType "swiss"]
[EventDate "2008.05.10"]

1. Nf3 Nf6 2. d4 e6 3. e3 b6 4. Bd3 Bb7 5. O-O d5 6. c3 Bd6 7. Nbd2 Ne4 8. Ne5
O-O 9. f4 f6 10. Nef3 Nd7 11. Qc2 f5 12. Ne5 Nxe5 13. fxe5 Be7 14. Nf3 c5 15.
Bd2 g5 16. Be2 Rc8 17. Be1 g4 18. Nd2 Bg5 19. Nxe4 dxe4 20. Bf2 cxd4 21. exd4
Qd5 22. Bd1 e3 23. Bg3 f4 24. Bxg4 fxg3 25. hxg3 Rf2 26. Rxf2 exf2+ 27. Qxf2
Rf8 28. Bf3 Qc4 29. Kh2 Qd3 30. Rf1 Be3 31. Qe1 Ba6 32. Rh1 Rf5 33. Qd1 Qxd1
34. Rxd1 Rg5 35. d5 Rxe5 36. d6 Bg5 37. b3 Kf8 38. c4 Ke8 39. d7+ Kd8 40. Bg4
Bb7 41. Rf1 h6 42. Rf7 Bc6 0-1

[Event "DEM U18w 2008"]
[Site "Willingen GER"]
[Date "2008.05.17"]
[Round "9"]
[White "Mucha, Annegret"]
[Black "Voss, Janine"]
[Result "1/2-1/2"]
[Termination "normal"]
[Board "6"]
[WhiteTitle "CM"]
[WhiteElo "1945"]
[BlackElo "1869"]
[PlyCount "47"]
[WhiteFideId "24622788"]
[BlackFideId "24677329"]
[EventCountry "GER"]
[EventRounds "9"]
[EventType "swiss"]
[EventDate "2008.05.10"]

1. e4 c5 2. Nc3 Nc6 3. Bb5 Nd4 4. Bc4 g6 5. f4 d6 6. d3 Bg7 7. Nge2 e6 8. O-O
Ne7 9. Ng3 O-O 10. Nce2 d5 11. Bb3 b6 12. Nxd4 Bxd4+ 13. Kh1 Bg7 14. Qe2 Bb7
15. f5 exf5 16. exf5 Nc6 17. c3 Re8 18. Qf2 Ne5 19. fxg6 fxg6 20. d4 Rf8 21.
Qe2 cxd4 22. Rxf8+ Qxf8 23. cxd4 Nf7 24. Be3 1/2-1/2

[Event "DEM U18w 2008"]
[Site "Willingen GER"]
[Date "2008.05.17"]
[Round "9"]
[White "Farokhpey, Sarah"]
[Black "Jehle, Anja"]
[Result "0-1"]
[Termination "normal"]
[Board "7"]
[WhiteElo "1483"]
[BlackElo "1968"]
[PlyCount "74"]
[BlackFideId "24631434"]
[EventCountry "GER"]
[EventRounds "9"]
[EventType "swiss"]
[EventDate "2008.05.10"]

1. d4 Nf6 2. c4 g6 3. Nc3 Bg7 4. e4 d6 5. Bg5 Nbd7 6. Nf3 h6 7. Bf4 Nh5 8. Be3
e5 9. dxe5 dxe5 10. g3 O-O 11. Bg2 c6 12. Qc1 Kh7 13. O-O Qe7 14. a3 Nc5 15.
Qc2 Ne6 16. Rfd1 a5 17. Na4 Kg8 18. Qc1 g5 19. h4 gxh4 20. Nxh4 Nef4 21. Kf1
Bg4 22. Bf3 Bh3+ 23. Bg2 Nxg2 24. Nxg2 Qf6 25. Kg1 Qf3 26. Ne1 Qxe4 27. Bxh6
Qg6 28. Bxg7 Kxg7 29. Qe3 Rae8 30. Ng2 Rh8 31. Nh4 Qg4 32. Qf3 Qxf3 33. Nxf3
Bg4 34. Kg2 e4 35. Ng5 Bxd1 36. Rxd1 e3 37. f3 Rd8 0-1

[Event "DEM U18w 2008"]
[Site "Willingen GER"]
[Date "2008.05.17"]
[Round "9"]
[White "Erben, Larissa"]
[Black "Vollak, Marleen"]
[Result "1/2-1/2"]
[Termination "normal"]
[Board "8"]
[WhiteElo "1942"]
[BlackElo "1858"]
[PlyCount "187"]
[WhiteFideId "24634590"]
[BlackFideId "24624233"]
[EventCountry "GER"]
[EventRounds "9"]
[EventType "swiss"]
[EventDate "2008.05.10"]

1. e4 e6 2. d4 d5 3. Nc3 dxe4 4. Nxe4 Nd7 5. Nf3 Ngf6 6. Nxf6+ Nxf6 7. Bg5 Be7
8. Bxf6 Bxf6 9. c3 O-O 10. Bd3 c5 11. dxc5 Qc7 12. Qc2 h6 13. b4 b6 14. Be4 Bb7
15. Bxb7 Qxb7 16. b5 bxc5 17. a4 Qb6 18. O-O Rfd8 19. Nd2 Qc7 20. Nc4 Qf4 21.
Ne3 c4 22. Rfd1 Rdc8 23. g3 Qe5 24. Rd4 Qh5 25. Rd7 Qe5 26. Rd4 Qh5 27. Rd7 Qe5
28. Rc1 Qc5 29. Ng4 Bg5 30. Re1 Rd8 31. Ne5 Rxd7 32. Nxd7 Qc7 33. Ne5 Rd8 34.
Re2 Rd5 35. Qe4 Bf6 36. Nc6 Rd1+ 37. Kg2 Bxc3 38. Qxc4 Bf6 39. Qc5 Ra1 40. Re4
Qb6 41. Qc4 Rb1 42. Re2 Qb7 43. Rd2 Bg5 44. Rc2 Bf6 45. Qc5 Qb6 46. Nxa7 Qb7+
47. Nc6 Ra1 48. Qc4 Rb1 49. Rd2 Bg5 50. Rd3 Rc1 51. Qe4 Qb6 52. Qd4 Qb7 53. Qd6
Ra1 54. Ra3 Rb1 55. Ra2 Bf6 56. h4 h5 57. Qd3 Rc1 58. Qe3 Rb1 59. Qf3 Qd7 60.
Ne5 Qd8 61. Qd3 Qa8+ 62. Nf3 Rc1 63. Ra3 Qa5 64. Qd2 Qc7 65. b6 Qc6 66. b7 Rb1
67. a5 Rxb7 68. a6 Ra7 69. Qd3 g6 70. Ra2 Kg7 71. Qa3 Be7 72. Qa4 Qd5 73. Qd4+
Qxd4 74. Nxd4 Ra8 75. Nb5 Bd8 76. Kf3 Kf6 77. Ke4 Bb6 78. Kd3 Ke5 79. Nc3 Kd6
80. Kc4 Kc6 81. Ne4 f5 82. Ng5 e5 83. Nf7 e4 84. Ne5+ Kd6 85. Nxg6 Ra7 86. Kb5
Bc7 87. Nf4 Ke5 88. Nxh5 Bd8 89. Nf4 Kf6 90. h5 Kg5 91. Nd5 Kxh5 92. Kc6 Kg4
93. Nc3 Rc7+ 94. Kd6 1/2-1/2

[Event "DEM U18w 2008"]
[Site "Willingen GER"]
[Date "2008.05.17"]
[Round "9"]
[White "Günnigmann, Laura"]
[Black "van Orsouw, Svenja"]
[Result "1/2-1/2"]
[Termination "normal"]
[Board "9"]
[WhiteElo "1833"]
[BlackElo "1645"]
[PlyCount "87"]
[BlackFideId "24677124"]
[EventCountry "GER"]
[EventRounds "9"]
[EventType "swiss"]
[EventDate "2008.05.10"]

1. e4 c5 2. Nf3 Nc6 3. d4 cxd4 4. Nxd4 e5 5. Nb5 a6 6. Nd6+ Bxd6 7. Qxd6 Qf6 8.
Qc7 Nge7 9. Nc3 Nb4 10. Na4 Qc6 11. Qxc6 Nexc6 12. Kd1 Ne7 13. Nb6 Rb8 14. c3
Nbc6 15. Be3 d6 16. Kc2 Be6 17. Rd1 Rd8 18. a3 d5 19. exd5 Nxd5 20. Nxd5 Rxd5
21. Be2 Ke7 22. Bf3 Rxd1 23. Rxd1 Rd8 24. Rxd8 Kxd8 25. Bb6+ Kd7 26. b3 f5 27.
c4 g5 28. Kc3 g4 29. Be2 Ne7 30. b4 h5 31. a4 h4 32. b5 axb5 33. axb5 f4 34.
Ba5 Ng8 35. c5 Nf6 36. f3 g3 37. hxg3 fxg3 38. Bf1 Nd5+ 39. Kd3 Nf4+ 40. Ke4 h3
41. gxh3 g2 42. Bxg2 Nxg2 43. Kxe5 Bxh3 44. c6+ 1/2-1/2

[Event "DEM U18w 2008"]
[Site "Willingen GER"]
[Date "2008.05.17"]
[Round "9"]
[White "Weiß, Katharina"]
[Black "Zemella, Jennifer"]
[Result "1/2-1/2"]
[Termination "normal"]
[Board "10"]
[WhiteElo "1653"]
[BlackElo "2000"]
[PlyCount "35"]
[WhiteFideId "24692859"]
[BlackFideId "24636096"]
[EventCountry "GER"]
[EventRounds "9"]
[EventType "swiss"]
[EventDate "2008.05.10"]

1. e4 c5 2. Nf3 d6 3. d4 cxd4 4. Nxd4 Nf6 5. Nc3 a6 6. Be2 e5 7. Nb3 Be7 8. Bg5
O-O 9. Bxf6 Bxf6 10. Nd5 Bg5 11. Nd2 f5 12. Nc4 fxe4 13. Ndb6 Qf6 14. O-O Ra7
15. Qxd6 Qxd6 16. Nxd6 Bf5 17. Bc4+ Kh8 18. Nf7+ 1/2-1/2